| 000 | 01175nam a2200205Ia 4500 | ||
|---|---|---|---|
| 003 | Ost | ||
| 005 | 20260507075054.0 | ||
| 008 | 260507s9999||||xx |||||||||||||| ||und|| | ||
| 040 | _cfsecg | ||
| 041 | _aara | ||
| 082 | _a657.835 | ||
| 100 |
_aسرايا، محمد السيد _eمؤلف |
||
| 245 | 0 |
_aالمحاسبة في الوحدات الحكومية والمحاسبة القومية / _c محمد السيد سرايا |
|
| 260 |
_aبيروت: _bالدار الجامعية, _c1198 |
||
| 300 |
_a140 صفحة؛ _bإيضاحات ؛ _c24 سم |
||
| 520 | _aالعلاقة بين المحاسبة القومية وكل من المحاسبة المالية والمحاسبة الحكومية، مقومات محاسبة الدخل القومي على اساس مفاهيم الدخل والانتاج القومي والقيمة المضافة، الاطار العام للمحاسبة القومية على مستوى القطاعات، الحسابات القومية مع وجود القطاع الحكومي وقطاع العام الخارجي | ||
| 653 | _aالمحاسبة الحكومية | ||
| 653 | _aالمحاسبة القومية | ||
| 942 | _cكتاب | ||
| 999 |
_c42706 _d42706 |
||